Hand-Drawn Map of Europe - Statistics

General Stats
  • This quiz has been taken 1,075 times
  • The average score is 38 of 40
Answers on the Map
Answers color-coded by a green-red scale on the quiz's map according to % correct below.
 
Answer Stats
Country % Correct
United Kingdom
98%
France
97%
Iceland
97%
Ireland
97%
Russia
97%
Finland
96%
Germany
96%
Italy
96%
Norway
96%
Poland
96%
Portugal
96%
Spain
96%
Sweden
96%
Ukraine
96%
Belgium
95%
Denmark
95%
Greece
95%
Netherlands
95%
Austria
94%
Estonia
94%
Hungary
94%
Luxembourg
94%
Slovakia
94%
Switzerland
94%
Albania
93%
Belarus
93%
Croatia
93%
Czech Republic
93%
Latvia
93%
Lithuania
93%
Romania
93%
Slovenia
93%
Bosnia and Herzegovina
92%
Bulgaria
92%
Malta
92%
Serbia
92%
Kosovo
91%
North Macedonia
91%
Moldova
90%
Montenegro
90%
No matching quizzes found
Score Distribution
Percent of People with Each Score
Percentile by Number Answered
Your Score History
You have not taken this quiz